| 000 | 00876nas a2200277Ia 4500 | ||
|---|---|---|---|
| 001 | R115/44723 | ||
| 003 | IT-RoPAU | ||
| 008 | 151124c99999999xx |||||||||||| ||und|| | ||
| 040 | _aIT-RoPAU | ||
| 040 | _cIT-RoPAU | ||
| 041 | _aITALIANO | ||
| 100 |
_aLucchini Gabriele _gCodice Aut. SPICS: 4466 |
||
| 210 | _aEDAV | ||
| 222 | _aEdav | ||
| 245 |
_aEDAV, ANNO 02-N.012 (DICEMBRE 1973) _bFotografia E Geometria (4) |
||
| 250 | _a1a ed. | ||
| 260 |
_aROMA _bCISCS _c1973 |
||
| 501 |
_bPaulus - SPICS - Società San Paolo EM (non-commercial uses only) _cCopyright2015 |
||
| 300 | _a3 p. [200-202] | ||
| 362 | _aANNO 002, N.012 (DICEMBRE 1973) | ||
| 500 | _aQuarta Parte del Saggio. Geometria Priettiva. Aberrazioni Ottiche. | ||
| 650 |
_aCOMUNICAZIONE _vPUBBLICAZIONE PERIODICA |
||
| 700 | _aLorefice Domenico | ||
| 700 | _gCodice Aut. SPICS: 31312 | ||
| 942 | _cCR | ||
| 999 |
_c110908 _d110908 |
||